000 00738nam a2200253Ia 4500
003 OSt
005 20221007103609.0
006 a|||||r|||| 00| 0
007 ta
008 221006b |||||||| |||| 00| 0 eng d
020 _a0521796709
024 _a13,553
037 _cTextual
040 _aLCO
_cLCO
_beng
041 _2eng
_aeng
082 _aZ(Q7),5, P5
100 _aPeters Rudolph
_9269284
245 0 _aCrimes and Punishment in Islamic Law
_b Theory and Practice from the sexteenth to the Twenty-first Centrury
260 _aNew
_bYork Cambridge University Press USA
_c2005
300 _a219
650 _aISLAMIC LAW
942 _hZ(Q7),5, P5
_cTEXL
999 _c1183116
_d1183116